000 00318nam a22001457a 4500
008 230613b ||||| |||| 00| 0 eng d
020 _a0023612002
041 _aeng
080 _2SECOND EDITION
_a61
082 _a61JON
100 _a4
101 _aINF
245 _aCLINICAL ETHICS
_cJONSEN.R.A
942 _2udc
_cBK
999 _c59947
_d59947